000 00892nac a22003017a 4500
001 BR7310941
003 BR-BrBNA
005 20240105113624.0
008 230509b bl.|||m| |||| 00| 0 por d
040 _aBR-BrBNA
_bpor
_cBiblioteca Nacional de Agricultura
072 _aE15; E70
090 _aE15 BR7310941
110 1 _aInstituto de Pesquisas Economico-Sociais e Informatica, Sao Luis, MA (Brasil)
_96204
245 1 _aConjuntura Maranhense. Dezembro 1973 [Brasil]
260 3 _aSao Luis, MA (Brasil):
_c1973.
300 _a81 p.
490 _aConjuntura Maranhense (Brazil)
_vv. 1(7)
_x
500 _aNumerical data
650 _aANALISE ECONOMICA
650 _aPECUARIA
650 _aINDUSTRIA
650 _aMERCADO
650 _aPRODUCAO VEGETAL
650 _aPRECO
650 _aMARANHAO
909 _a202312
_bLúcia Elande
_c55
_dLúcia Elande
942 _2AGRIS
_n0
_cMS
999 _c264695
_d264695